| 000 | 01402nam0a22003131 4500 | ||
|---|---|---|---|
| 001 | rc\3649918 | ||
| 005 | 20260406200805.0 | ||
| 021 |
_aRU _b[73-89315] |
||
| 035 | _a(NLR Aleph) 007833164 | ||
| 090 |
_a9753894 _c9753894 |
||
| 100 | _a20130115d1973 |||y0rusy50 ca | ||
| 101 | 0 | _arus | |
| 102 | _aRU | ||
| 105 | _ay c ||||| | ||
| 200 | 1 |
_aКрымчане - Герои Советского Союза _eРек. указ. литературы _fУпр. культуры Крым. облисполкома. Крым. гос. обл. б-ка им. И.Я. Франко |
|
| 210 |
_aСимферополь _cТаврия _d1973 |
||
| 215 |
_a22 с. _d22 |
||
| 300 | _aСост. указаны на обороте тит. л. | ||
| 606 |
_aГерои Советского Союза _yКрымская область _jУказатели литературы _2psbo |
||
| 606 |
_aКрымчане в Великой Отечественной войне 1941-1945 гг. _jУказатели литературы _2psbo |
||
| 700 | 1 |
_aМорозова _bС.П. _4220 |
|
| 701 | 1 |
_aНорман _bЭ.М. _4220 |
|
| 712 | 0 | 2 |
_aКрымская областная библиотека им. И. Франко _cСимферополь _3RU\NLR\AUTH\889960339 _9416932 |
| 801 | 0 |
_aRU _bNLR _gpsbo |
|
| 801 | 1 |
_aRU _bELAR _2rusmarc |
|
| 852 |
_aNLR _jС581Крым/М-80 |
||
| 942 | _cBOOK | ||
| 980 | _aNB | ||